| 000 | 00000nem 2200000zi 4500 |
| 001 | 9.940629 |
| 003 | CaOODSP |
| 005 | 20250919083727 |
| 006 | m o d f |
| 007 | aj cznzn |
| 008 | 240716t20242024onc cc b fo 1 eng d |
| 034 | 1 |aa|b6000000|dW1410000|eW0500000|fN0900000|gN0417500 |
| 040 | |aCaOODSP|beng|erda|cCaOODSP |
| 043 | |an-cn--- |
| 086 | 1 |aM48-900A/2023E-PDF |
| 100 | 1 |aViner, D. |q(Darren)|ecartographer. |
| 245 | 10|aPrincipal mineral areas, producing mines, and oil and gas fields in Canada = |bPrincipales régions minières, principales mines productrices et principaux champs de pétrole et de gaz du Canada. |
| 246 | 31|aPrincipales régions minières, principales mines productrices et principaux champs de pétrole et de gaz du Canada |
| 250 | |aSeventy-third edition, 2023. |
| 255 | |aScale: 1:6,000,000 ; |bLambert conformal conic projection |c(W 141°00'--W 50°00'/N 90°00'--N 41°75'). |
| 264 | 1|a[Ottawa] : |bNatural Resources Canada = Ressources naturelles Canada, |c[2024] |
| 264 | 4|c©2024 |
| 300 | |a1 online resource (1 map) : |bcolour. |
| 336 | |acartographic image|bcri|2rdacontent |
| 336 | |atext|btxt|2rdacontent |
| 337 | |acomputer|bc|2rdamedia |
| 338 | |aonline resource|bcr|2rdacarrier |
| 490 | 1 |a["A" series map] ; |v900A |
| 500 | |aIssued also in French under title: Principales régions minières, principales mines productrices et principaux champs de pétrole et de gaz du Canada = Principal mineral areas, producing mines, and oil and gas fields in Canada. |
| 500 | |aIncludes text, 2 indexes, 1 table, 3 inset maps, and 2 graphs. |
| 500 | |a"Geological Survey of Canada map 900A." |
| 500 | |a"Cartography by D. Viner ..." |
| 520 | |a"This map, published annually by Natural Resources Canada, contains statistics on Canada's mineral production and provides the geographic locations of significant metallic, nonmetallic and industrial mineral mines, oil sands mines, and gas fields for the provinces and territories of Canada. It also contains information on existing and proposed oil and gas pipelines. A mine index lists, for each mine identified on the map, information on company ownership and the mine's type, location, and principal minerals and metals produced"--Description, provided by the publisher. |
| 650 | 0|aMines and mineral resources|zCanada|vMaps. |
| 650 | 0|aOil fields|zCanada|vMaps. |
| 650 | 0|aGas fields|zCanada|vMaps. |
| 650 | 0|aMineral industries|zCanada|vMaps. |
| 655 | 7|aDigital maps|2lcgft |
| 710 | 1 |aCanada. |bNatural Resources Canada, |eissuing body. |
| 710 | 2 |aGeological Survey of Canada, |eissuing body. |
| 775 | 08|tPrincipales régions minières, principales mines productrices et principaux champs de pétrole et de gaz du Canada = |w(CaOODSP)9.940631 |
| 794 | |tPrincipal mineral areas, producing mines, and oil and gas fields in Canada = |bSeventy-fourth edition, 2024|w(CaOODSP)9.955527 |
| 795 | |tPrincipal mineral areas, producing mines, and oil and gas fields in Canada = |bSeventy-second edition, 2022|w(CaOODSP)9.925016 |
| 830 | #0|a"A" series map (Geological Survey of Canada)|v900A.|w(CaOODSP)9.507196 |
| 856 | 40|qPDF|s13.07 MB|uhttps://publications.gc.ca/collections/collection_2024/rncan-nrcan/M48-900A-2023-eng.pdf |
| 856 | 40|qHTML|sN/A|uhttps://doi.org/10.4095/332522 |